000 00320nam a2200121Ia 4500
005 20251222152046.0
008 251222s9999||||xx |||||||||||||| ||spa||
020 _a84-8476-164-9
082 _a664.902.9/L88
100 _a"López Vázquez, RafaelCasp Vanaclocha, Ana"
245 0 _aTecnología de mataderos
942 _cLIB
999 _c26221
_d26221